Normal view
MARC view
- الأدب العربي - دراسات
Entry Topical Term
001 - CONTROL NUMBER
- control field: 48841
003 - CONTROL NUMBER IDENTIFIER
- control field: JO-AjAnu
005 - DATE AND TIME OF LATEST TRANSACTION
- control field: 20230606082043.0
008 - FIXED-LENGTH DATA ELEMENTS
- fixed length control field: 230606|| aca||aabn | a|a d
040 ## - CATALOGING SOURCE
- Original cataloging agency: JO-AjAnu
- Transcribing agency: JO-AjAnu
150 ## - HEADING--TOPICAL TERM
- Topical term or geographic name entry element: الأدب العربي - دراسات
670 ## - SOURCE DATA FOUND
- Source citation: Work cat.: (JO-AjAnu)24983: تأليف الخلادي، عبد القادر ؛ عمر الدسوقي ؛ محمد صادق, author 48840, الدراسات الأدبية: رسالة الصحابة - رسالة الكندي - رسالة الغفران، الجزء الثاني